[Event "Junior Online 4NCL Division 5"]
[Site "online"]
[Date "2020.05.21"]
[Round "6.19"]
[White "Smith, Mia"]
[Black "Abraham, Lexi"]
[Result "0-1"]
[WhiteElo "1075"]
[BlackElo "850"]
[PlyCount "60"]
[EventDate "2020.05.21"]
[WhiteTeam "Harrow Juniors G"]
[BlackTeam "Blue Foxes 3"]

1. e4 e5 2. Nf3 Nc6 3. Nc3 Nf6 4. Bb5 Bb4 5. O-O O-O 6. d3 d6 7. h3 Bxc3 8.
bxc3 Be6 9. Be3 Bd7 10. d4 exd4 11. Bxc6 Bxc6 12. cxd4 Nxe4 13. Qd3 d5 14. Ng5
Nxg5 15. Bxg5 Qxg5 16. Rfe1 Rfe8 17. Re2 Re7 18. Rae1 Rae8 19. Kf1 a6 20. g3
Bb5 21. c4 dxc4 22. Qc3 Rxe2 23. Rxe2 Rxe2 24. Kxe2 Qe7+ 25. Kf1 Qe6 26. Kg1
Qxh3 27. Qe3 Qe6 28. Kg2 Qxe3 29. fxe3 c3 30. Kf2 c2 0-1

[Event "Junior Online 4NCL Division 5"]
[Site "online"]
[Date "2020.05.21"]
[Round "6.20"]
[White "Hilmi, Sofia"]
[Black "Patel-Davis, Riyan"]
[Result "1-0"]
[WhiteElo "812"]
[BlackElo "902"]
[PlyCount "89"]
[EventDate "2020.05.21"]
[WhiteTeam "Blue Foxes 3"]
[BlackTeam "Harrow Juniors G"]

1. d4 d5 2. Nc3 Nf6 3. Nf3 Nc6 4. Bg5 Bg4 5. e3 Bxf3 6. Qxf3 e6 7. Bb5 Bb4 8.
O-O O-O 9. a3 Bxc3 10. bxc3 h6 11. Bxf6 Qxf6 12. Qxf6 gxf6 13. Rfb1 Na5 14. Rb2
a6 15. Bd3 f5 16. Rab1 e5 17. Bxf5 Nc4 18. Rxb7 Nd2 19. R1b4 a5 20. R4b5 Ra6
21. h3 Rc6 22. Rxd5 Rxc3 23. Rxe5 Rxa3 24. Rxc7 Ra1+ 25. Kh2 Nf1+ 26. Kg1 Nd2+
27. Kh2 a4 28. g4 Nf3+ 29. Kg3 Nxe5 30. dxe5 a3 31. e6 fxe6 32. Bxe6+ Kh8 33.
e4 a2 34. Ra7 Rb8 35. Bxa2 Rg1+ 36. Kf3 Rf8+ 37. Ke3 Re1+ 38. Kd4 Rd8+ 39. Bd5
Rd1+ 40. Ke5 Re8+ 41. Kf6 Rf8+ 42. Kg6 Rg8+ 43. Bxg8 Kxg8 44. Ra8+ Rd8 45.
Rxd8# 1-0

[Event "Junior Online 4NCL Division 5"]
[Site "online"]
[Date "2020.05.21"]
[Round "6.21"]
[White "Wang, Xiling"]
[Black "Dyer, Emily"]
[Result "1/2-1/2"]
[WhiteElo "925"]
[BlackElo "820"]
[PlyCount "130"]
[EventDate "2020.05.21"]
[WhiteTeam "Harrow Juniors G"]
[BlackTeam "Blue Foxes 3"]

1. e4 e5 2. Qh5 Nf6 3. Qxe5+ Qe7 4. Qg3 Nxe4 5. Qe3 Nc6 6. Nc3 Qh4 7. g3 Qg5 8.
Qxg5 Nxg5 9. Bb5 Nd4 10. Nge2 Nxc2+ 11. Kd1 Nxa1 12. Nd5 Bd6 13. Nef4 Nf3 14.
Nd3 Nd4 15. N3b4 Nxb5 16. Nc2 Bc5 17. Nxa1 Nd4 18. Nxc7+ Kd8 19. Nxa8 Re8 20.
Re1 d6 21. Rxe8+ Kxe8 22. d3 Bg4+ 23. Ke1 Bb4+ 24. Bd2 Nf3+ 25. Kf1 Bxd2 26.
Nc7+ Kd7 27. Nd5 Nxh2+ 28. Kg2 b5 29. Nf4 b4 30. Nh3 Bf3+ 31. Kg1 Ng4 32. Nc2
b3 33. axb3 a5 34. Ne3 a4 35. bxa4 Kc6 36. Nxg4 Bxg4 37. Kg2 Kd5 38. Nf4+ Kd4
39. Nh3 Kxd3 40. f3 Ke2 41. Ng1+ Ke1 42. fxg4 d5 43. Nf3+ Ke2 44. Nxd2 Kxd2 45.
Kf3 d4 46. Ke4 d3 47. Kd4 Ke2 48. Kc3 d2 49. Kc2 d1=Q+ 50. Kc3 Qd3+ 51. Kb4 f5
52. a5 fxg4 53. Kc5 h5 54. Kb6 Qd6+ 55. Kb5 Qd5+ 56. Kb6 Qa8 57. a6 Qb8+ 58.
Ka5 Qxg3 59. a7 Qe5+ 60. Kb6 Qe6+ 61. Kb7 Qe7+ 62. Kb8 Qe8+ 63. Kb7 Qd7+ 64.
Kb8 Qb5+ 65. Ka8 Qxb2 1/2-1/2

[Event "Junior Online 4NCL Division 5"]
[Site "online"]
[Date "2020.05.21"]
[Round "6.22"]
[White "Ahmad, Amelia"]
[Black "Patel, Ryan"]
[Result "0-1"]
[WhiteElo "775"]
[BlackElo "700"]
[PlyCount "32"]
[EventDate "2020.05.21"]
[WhiteTeam "Blue Foxes 3"]
[BlackTeam "Harrow Juniors G"]

1. e4 d5 2. exd5 Qxd5 3. Nc3 Qa5 4. d4 Nc6 5. Nf3 Nf6 6. Be3 Bg4 7. Be2 e6 8.
O-O Nb4 9. a3 Nbd5 10. Nxd5 exd5 11. Bd2 Qb6 12. Ne5 Qxd4 13. Bxg4 Qxe5 14. Be2
Bd6 15. Re1 Qxh2+ 16. Kf1 Qh1# 0-1

[Event "Junior Online 4NCL Division 5"]
[Site "online"]
[Date "2020.05.21"]
[Round "6.25"]
[White "Evans, Macsen"]
[Black "Patel, Aaron"]
[Result "0-1"]
[WhiteElo "691"]
[BlackElo "1000"]
[PlyCount "82"]
[EventDate "2020.05.21"]
[WhiteTeam "TSK Tigers C"]
[BlackTeam "Harrow Juniors F"]

1. e4 e5 2. Qf3 Bc5 3. Bc4 Nf6 4. Qd1 O-O 5. Nf3 Nxe4 6. O-O Nc6 7. d3 Nf6 8.
Bg5 d5 9. Bb3 Bg4 10. Bxf6 Qxf6 11. Bxd5 Rad8 12. Bxc6 Qxc6 13. h3 e4 14. dxe4
Rxd1 15. Rxd1 Bxf3 16. gxf3 h6 17. f4 Qxe4 18. Rd7 Qxc2 19. Rxc7 Qxf2+ 20. Kh1
Qxb2 21. Rxc5 Qxa1 22. Ra5 Qxb1+ 23. Kh2 Re8 24. Rxa7 Re2+ 25. Kg3 Qg1+ 26. Kf3
Qxa7 27. Kxe2 Qxa2+ 28. Kf3 Qa3+ 29. Kg4 f5+ 30. Kxf5 Qf8+ 31. Kg4 g6 32. h4
Qf5+ 33. Kf3 Qd5+ 34. Kg4 h5+ 35. Kg3 b5 36. Kf2 b4 37. Kg3 b3 38. Kh3 b2 39.
Kg3 b1=Q 40. Kh3 Qbh1+ 41. Kg3 Qdg2# 0-1

[Event "Junior Online 4NCL Division 5"]
[Site "online"]
[Date "2020.05.21"]
[Round "6.26"]
[White "Pipalia, Ayush"]
[Black "Quin, Nicolas"]
[Result "1/2-1/2"]
[WhiteElo "1022"]
[BlackElo "660"]
[PlyCount "29"]
[EventDate "2020.05.21"]
[WhiteTeam "Harrow Juniors F"]
[BlackTeam "TSK Tigers C"]

1. d4 d5 2. Bf4 Nc6 3. Nf3 Nf6 4. Nc3 Bg4 5. Nb5 e5 6. Nxe5 Nxe5 7. Bxe5 Bd6 8.
Bxd6 cxd6 9. Qd3 O-O 10. Qg3 Qd7 11. Nxd6 Qa4 12. e3 Qxc2 13. Nxb7 Qxb2 14. Rd1
Qxb7 15. Bd3 1/2-1/2

[Event "Junior Online 4NCL Division 5"]
[Site "online"]
[Date "2020.05.21"]
[Round "6.27"]
[White "Choung, James Alexander"]
[Black "Patel, Shailen"]
[Result "1-0"]
[WhiteElo "630"]
[BlackElo "1060"]
[PlyCount "109"]
[EventDate "2020.05.21"]
[WhiteTeam "TSK Tigers C"]
[BlackTeam "Harrow Juniors F"]

1. e4 c5 2. Nf3 e6 3. d4 Nf6 4. dxc5 Bxc5 5. Bd3 O-O 6. O-O d5 7. e5 Ng4 8. Ng5
f6 9. Qxg4 fxg5 10. Bxg5 Qc7 11. Nc3 Qxe5 12. Bf4 Qd4 13. Qf3 e5 14. Be3 Qg4
15. Qxg4 Bxg4 16. Bxc5 Rf4 17. Nxd5 Ra4 18. Nc7 Nc6 19. Nxa8 Ne7 20. b3 Rf4 21.
Bxe7 Bh3 22. Bc4+ Kh8 23. Rfd1 h5 24. Bb5 Bxg2 25. Kxg2 Rg4+ 26. Kf3 Rb4 27.
Nc7 e4+ 28. Kf4 Rxb5 29. Nxb5 a6 30. Nc7 Kg8 31. Rd8+ Kf7 32. Rd7 Kg6 33. Bc5
Kf6 34. Be7+ Kg6 35. Rd6+ Kf7 36. Rd8 Kxe7 37. Re8+ Kd7 38. Rxe4 Kxc7 39. Rd1
Kb6 40. Rd5 Ka7 41. Re6 g6 42. Rd7 g5+ 43. Kxg5 h4 44. Kxh4 a5 45. c3 a4 46.
bxa4 Kb8 47. Re8+ Ka7 48. c4 Kb6 49. Re5 Ka7 50. Re6 Kb8 51. c5 Ka7 52. c6 Kb8
53. cxb7 Ka7 54. b8=Q+ Kxb8 55. Re8# 1-0

[Event "Junior Online 4NCL Division 5"]
[Site "online"]
[Date "2020.05.21"]
[Round "6.28"]
[White "Horwood, Alexander"]
[Black "Squirrell, Baxter"]
[Result "0-1"]
[WhiteElo "1000"]
[BlackElo "589"]
[PlyCount "64"]
[EventDate "2020.05.21"]
[WhiteTeam "Harrow Juniors F"]
[BlackTeam "TSK Tigers C"]

1. e4 e5 2. Nf3 Nc6 3. Nc3 Bc5 4. a3 Nf6 5. d4 exd4 6. Qd3 d6 7. Qd1 Bg4 8. h3
Bxf3 9. Bd3 Bxd1 10. Kd2 Bh5 11. Re1 dxc3+ 12. Kxc3 O-O 13. Kd2 Bxf2 14. Rf1
Bd4 15. g3 Qd7 16. b4 Qxh3 17. Rb1 Qxg3 18. Rh1 Qg2+ 19. Ke1 Qxh1+ 20. Kd2 Qh3
21. c3 Be3+ 22. Kc2 Bxc1 23. Rxc1 Qh2+ 24. Kb3 Be2 25. Ra1 Bxd3 26. b5 Na5+ 27.
Ka4 b6 28. Rd1 Be2 29. Re1 Nxe4 30. Rxe2 Qxe2 31. c4 Qc2+ 32. Kb4 Qb3# 0-1

[Event "Junior Online 4NCL Division 5"]
[Site "online"]
[Date "2020.05.21"]
[Round "6.29"]
[White "Patel, Aaron"]
[Black "Evans, Macsen"]
[Result "1-0"]
[WhiteElo "1000"]
[BlackElo "691"]
[PlyCount "29"]
[EventDate "2020.05.21"]
[WhiteTeam "Harrow Juniors F"]
[BlackTeam "TSK Tigers C"]

1. e4 e5 2. Nf3 Nc6 3. Bc4 Bb4 4. c3 Ba5 5. b4 Bb6 6. a4 a5 7. b5 Nb8 8. Nxe5
Nf6 9. Nxf7 Rf8 10. Nxd8 Kxd8 11. d4 Nxe4 12. O-O Nxc3 13. Qh5 Nxa4 14. Qh4+
Ke8 15. Re1# 1-0

[Event "Junior Online 4NCL Division 5"]
[Site "online"]
[Date "2020.05.21"]
[Round "6.30"]
[White "Quin, Nicolas"]
[Black "Pipalia, Ayush"]
[Result "1-0"]
[WhiteElo "660"]
[BlackElo "1022"]
[PlyCount "53"]
[EventDate "2020.05.21"]
[WhiteTeam "TSK Tigers C"]
[BlackTeam "Harrow Juniors F"]

1. e4 e5 2. Qh5 Nc6 3. Bc4 g6 4. Qf3 Nf6 5. Nc3 Nd4 6. Qd3 Bg7 7. Nf3 Nxf3+ 8.
Qxf3 O-O 9. d3 d6 10. Bg5 Bg4 11. Bxf6 Bxf3 12. Bxd8 Bxg2 13. Rg1 Raxd8 14.
Rxg2 c6 15. O-O-O b5 16. Bb3 c5 17. Nxb5 a6 18. Nc7 Bh6+ 19. Kb1 Rb8 20. f3 Bg7
21. h4 Bh6 22. h5 Bf4 23. hxg6 hxg6 24. Nxa6 Ra8 25. Nc7 Rac8 26. Nd5 Be3 27.
Nxe3 1-0

[Event "Junior Online 4NCL Division 5"]
[Site "online"]
[Date "2020.05.21"]
[Round "6.31"]
[White "Patel, Shailen"]
[Black "Choung, James Alexander"]
[Result "0-1"]
[WhiteElo "1060"]
[BlackElo "630"]
[PlyCount "88"]
[EventDate "2020.05.21"]
[WhiteTeam "Harrow Juniors F"]
[BlackTeam "TSK Tigers C"]

1. e4 e5 2. Nf3 Nc6 3. Nc3 f5 4. exf5 Nf6 5. Bc4 e4 6. Ng5 h6 7. Nf7 Qe7 8.
Nxh8 g5 9. fxg6 Qg7 10. Nf7 Qxg6 11. O-O d5 12. Bxd5 Nxd5 13. Nxd5 Qxf7 14. Nc3
Bc5 15. Nxe4 Be7 16. d4 Bf5 17. Qd3 Qe6 18. Ng3 Bxd3 19. cxd3 Rd8 20. Be3 Nxd4
21. Bxd4 Rxd4 22. Rfe1 Qd5 23. Re2 Rxd3 24. Ree1 c5 25. a4 c4 26. h3 c3 27. b4
c2 28. b5 Rd1 29. Ne2 Bb4 30. Nf4+ Rxe1+ 31. Rxe1+ Bxe1 32. Nxd5 c1=Q 33. a5
Bxa5+ 34. Kh2 Qd2 35. Nf6+ Ke7 36. Ng8+ Kf7 37. Nxh6+ Kg6 38. Ng4 Bc7+ 39. g3
Kg5 40. Ne3 a5 41. h4+ Kh5 42. Nf5 Qxf2+ 43. Kh3 Qxf5+ 44. g4+ Qxg4# 0-1

[Event "Junior Online 4NCL Division 5"]
[Site "online"]
[Date "2020.05.21"]
[Round "6.32"]
[White "Squirrell, Baxter"]
[Black "Horwood, Alexander"]
[Result "1-0"]
[WhiteElo "589"]
[BlackElo "1000"]
[PlyCount "73"]
[EventDate "2020.05.21"]
[WhiteTeam "TSK Tigers C"]
[BlackTeam "Harrow Juniors F"]

1. e4 e5 2. Nf3 Nf6 3. Nc3 Nc6 4. Ng5 h6 5. Nf3 d5 6. exd5 Ne7 7. Bc4 c5 8. O-O
Qd7 9. Bb5 Qxb5 10. Nxb5 a6 11. Nc7+ Kd7 12. Nxa8 Rh7 13. Nb6+ Kc7 14. Nxc8
Nxc8 15. d3 Nxd5 16. Nxe5 f6 17. Nf3 Nce7 18. c4 f5 19. cxd5 Nxd5 20. Qe1 Nf6
21. Qe5+ Bd6 22. Qxf5 Rh8 23. Bf4 c4 24. dxc4 b5 25. cxb5 axb5 26. Rac1+ Kd8
27. Rc8+ Ke7 28. Rxh8 Bxf4 29. Qxf4 Kf7 30. Rd1 g5 31. Qc7+ Kg6 32. Ne5+ Kh5
33. Rd4 Ne8 34. Rxe8 g4 35. Nxg4 Kg6 36. Rd5 h5 37. Re6# 1-0

[Event "Junior Online 4NCL Division 5"]
[Site "online"]
[Date "2020.05.21"]
[Round "6.35"]
[White "Winser, Frederick"]
[Black "Baranidharan, Kritthik"]
[Result "1-0"]
[WhiteElo "947"]
[BlackElo "1040"]
[PlyCount "75"]
[EventDate "2020.05.21"]
[WhiteTeam "Manchester Juniors D"]
[BlackTeam "St John's College C"]

1. e4 e5 2. Nf3 Nc6 3. Nc3 Nf6 4. d4 exd4 5. Nxd4 Bb4 6. Nxc6 bxc6 7. Bd2 Bxc3
8. bxc3 Nxe4 9. Bd3 d5 10. O-O O-O 11. Re1 Nd6 12. Qh5 g6 13. Qh6 Bf5 14. Be3
Bxd3 15. cxd3 Nf5 16. Qh3 Nxe3 17. Rxe3 Rb8 18. Rae1 Qf6 19. d4 Qd6 20. Qh4 f6
21. Rh3 Rf7 22. g3 c5 23. dxc5 Qxc5 24. Re3 Qa3 25. Qd4 Qxa2 26. Qc5 Qa1+ 27.
Kg2 Rb1 28. Re8+ Kg7 29. Rh4 Rg1+ 30. Kh3 Qf1+ 31. Kg4 f5+ 32. Kg5 h6+ 33. Rxh6
Qc1+ 34. f4 a6 35. Rxg6+ Kh7 36. Rh6+ Kg7 37. Qd4+ Rf6 38. Qxf6# 1-0

[Event "Junior Online 4NCL Division 5"]
[Site "online"]
[Date "2020.05.21"]
[Round "6.36"]
[White "Omidvar, Dominic"]
[Black "Parker, James"]
[Result "1-0"]
[WhiteElo "974"]
[BlackElo "887"]
[PlyCount "63"]
[EventDate "2020.05.21"]
[WhiteTeam "St John's College C"]
[BlackTeam "Manchester Juniors D"]

1. e4 e5 2. Nf3 Nc6 3. Nc3 Nf6 4. Bb5 a6 5. Bxc6 bxc6 6. d4 d6 7. dxe5 dxe5 8.
Qxd8+ Kxd8 9. Nxe5 a5 10. Nxf7+ Ke8 11. Nxh8 Ba6 12. e5 Nd7 13. Bf4 Bb4 14.
O-O-O Kd8 15. Nf7+ Kc8 16. e6 Nf6 17. Rhe1 Kb7 18. e7 Re8 19. Bg5 Ng8 20. Re4
h6 21. Rd8 Rxd8 22. exd8=Q hxg5 23. Qxg8 Bd6 24. Nxd6+ cxd6 25. Qxg7+ Kb6 26.
Qxg5 d5 27. Nxd5+ cxd5 28. Qxd5 Bb5 29. Re6+ Bc6 30. Qxc6+ Ka7 31. Re7+ Kb8 32.
Qb7# 1-0

[Event "Junior Online 4NCL Division 5"]
[Site "online"]
[Date "2020.05.21"]
[Round "6.37"]
[White "Turner, Rufus"]
[Black "Singh, Ayush"]
[Result "0-1"]
[WhiteElo "850"]
[BlackElo "901"]
[PlyCount "34"]
[EventDate "2020.05.21"]
[WhiteTeam "Manchester Juniors D"]
[BlackTeam "St John's College C"]

1. d4 d5 2. e4 dxe4 3. Bb5+ Bd7 4. Bc4 Nc6 5. c3 Nf6 6. f4 Bg4 7. Nf3 exf3 8.
gxf3 Bf5 9. O-O Bh3 10. Re1 Nh5 11. b4 a6 12. b5 axb5 13. Ba3 bxc4 14. Nd2 Nxf4
15. Nxc4 e6 16. Bb2 Qg5+ 17. Kh1 Qg2# 0-1

[Event "Junior Online 4NCL Division 5"]
[Site "online"]
[Date "2020.05.21"]
[Round "6.38"]
[White "Omidvar, Lara"]
[Black "Hitchman, George S"]
[Result "1-0"]
[WhiteElo "790"]
[BlackElo "760"]
[PlyCount "25"]
[EventDate "2020.05.21"]
[WhiteTeam "St John's College C"]
[BlackTeam "Manchester Juniors D"]

1. e4 e5 2. Nf3 Bc5 3. Bc4 d6 4. Nc3 Bg4 5. O-O Bxf3 6. Qxf3 Qh4 7. Qxf7+ Kd8
8. Qf8+ Kd7 9. Qf5+ Kd8 10. Bf7 Nh6 11. Qh5 Bxf2+ 12. Rxf2 Qf6 13. Rxf6 1-0

[Event "Junior Online 4NCL Division 5"]
[Site "online"]
[Date "2020.05.21"]
[Round "6.39"]
[White "Baranidharan, Kritthik"]
[Black "Winser, Frederick"]
[Result "0-1"]
[WhiteElo "1040"]
[BlackElo "947"]
[PlyCount "58"]
[EventDate "2020.05.21"]
[WhiteTeam "St John's College C"]
[BlackTeam "Manchester Juniors D"]

1. Nf3 Nc6 2. g3 e5 3. Bg2 d5 4. d3 Nf6 5. Nbd2 Bc5 6. O-O Bf5 7. Re1 O-O 8. e4
dxe4 9. dxe4 Nxe4 10. Rf1 Nxd2 11. Bxd2 Nd4 12. Nxe5 Re8 13. Nc4 Be4 14. Bxe4
Rxe4 15. Na5 Re2 16. Nxb7 Qb8 17. Nxc5 Rxd2 18. Qxd2 Nf3+ 19. Kg2 Nxd2 20. Rfd1
Nc4 21. b3 Ne5 22. Rd5 c6 23. Rd2 Qc7 24. Rad1 h6 25. Na6 Qa5 26. Re1 Qxd2 27.
Rxe5 Qxc2 28. Nb4 Qc3 29. Na6 Qxe5 0-1

[Event "Junior Online 4NCL Division 5"]
[Site "online"]
[Date "2020.05.21"]
[Round "6.40"]
[White "Parker, James"]
[Black "Omidvar, Dominic"]
[Result "0-1"]
[WhiteElo "887"]
[BlackElo "974"]
[PlyCount "70"]
[EventDate "2020.05.21"]
[WhiteTeam "Manchester Juniors D"]
[BlackTeam "St John's College C"]

1. e4 e5 2. Nf3 Nc6 3. Bb5 Nf6 4. Nc3 Nd4 5. Nxd4 exd4 6. Ne2 Bc5 7. O-O Nxe4
8. d3 Nd6 9. h3 Nxb5 10. a4 Nd6 11. Ng3 O-O 12. Ne4 Nxe4 13. dxe4 Qe7 14. c3
Qxe4 15. Qe1 Qxe1 16. Rxe1 dxc3 17. bxc3 d5 18. Bf4 c6 19. a5 b6 20. axb6 Bxb6
21. Rac1 Ba5 22. Bd6 Rd8 23. Be7 Re8 24. Rc2 d4 25. Re4 Bf5 26. Rce2 Bxe4 27.
Rxe4 dxc3 28. Re1 c2 29. Rc1 Rxe7 30. Rxc2 Bc7 31. Rxc6 a5 32. Kf1 a4 33. Rc1
a3 34. Ra1 Rb8 35. Rxa3 Rb1# 0-1

[Event "Junior Online 4NCL Division 5"]
[Site "online"]
[Date "2020.05.21"]
[Round "6.42"]
[White "Hitchman, George S"]
[Black "Omidvar, Lara"]
[Result "0-1"]
[WhiteElo "760"]
[BlackElo "790"]
[PlyCount "38"]
[EventDate "2020.05.21"]
[WhiteTeam "Manchester Juniors D"]
[BlackTeam "St John's College C"]

1. e4 e5 2. Bc4 Nf6 3. d3 Bc5 4. Bg5 O-O 5. Qf3 Nc6 6. Bd2 Nd4 7. Nh3 Nxf3+ 8.
Ke2 Nd4+ 9. Ke3 Nxc2+ 10. Ke2 Nxa1 11. b3 Nc2 12. Bxf7+ Rxf7 13. Ng5 Rf8 14.
Ne6 dxe6 15. Nc3 Nd4+ 16. Kf1 Ng4 17. Bh6 gxh6 18. h4 Qf6 19. Nd5 Qxf2# 0-1

[Event "Junior Online 4NCL Division 5"]
[Site "online"]
[Date "2020.05.21"]
[Round "6.45"]
[White "Dobariya, Asin"]
[Black "Menakaya, Léon"]
[Result "0-1"]
[WhiteElo "985"]
[BlackElo "865"]
[PlyCount "28"]
[EventDate "2020.05.21"]
[WhiteTeam "Leicestershire Juniors 5"]
[BlackTeam "Watford 5"]

1. e4 e5 2. Nf3 Nc6 3. Bc4 Nf6 4. Ng5 d5 5. exd5 Nxd5 6. Nc3 Nxc3 7. dxc3 Qxd1+
8. Kxd1 Bc5 9. Nxf7 Rf8 10. Ng5 Bxf2 11. Nxh7 Rf4 12. g3 Rxc4 13. Ng5 Bg4+ 14.
Kd2 O-O-O# 0-1

[Event "Junior Online 4NCL Division 5"]
[Site "online"]
[Date "2020.05.21"]
[Round "6.46"]
[White "Mehta, Devina"]
[Black "Morris, Conor"]
[Result "1-0"]
[WhiteElo "887"]
[BlackElo "947"]
[PlyCount "95"]
[EventDate "2020.05.21"]
[WhiteTeam "Watford 5"]
[BlackTeam "Leicestershire Juniors 5"]

1. e4 e5 2. Nf3 Nc6 3. Nc3 Nf6 4. d3 d6 5. d4 Bg4 6. d5 Nb4 7. Be2 Bxf3 8. Bxf3
Qd7 9. h3 c6 10. dxc6 bxc6 11. a3 Na6 12. O-O c5 13. Nd5 Nxd5 14. exd5 Qb5 15.
Be2 Qa4 16. b3 Qa5 17. Bd2 Qb6 18. c4 O-O-O 19. Qe1 Qxb3 20. Ba5 Rd7 21. Bg4 f5
22. Bxf5 Nb4 23. Bxd7+ Kxd7 24. axb4 Qxc4 25. bxc5 Qf4 26. cxd6 e4 27. Qe3 Qe5
28. Qxa7+ Ke8 29. Qb8+ Kd7 30. Qc7+ Ke8 31. Qd8+ Kf7 32. Qc7+ Kg8 33. d7 Bd6
34. Qc8+ Kf7 35. g3 h5 36. d8=Q h4 37. Qg4 hxg3 38. Qdd7+ Kf6 39. Qde6+ Qxe6
40. dxe6 Ba3 41. Rxa3 g2 42. Kxg2 e3 43. fxe3+ Ke5 44. Qf4+ Kxe6 45. Qe4+ Kd6
46. Rd1+ Kc5 47. Qd4+ Kc6 48. Qb6# 1-0

[Event "Junior Online 4NCL Division 5"]
[Site "online"]
[Date "2020.05.21"]
[Round "6.47"]
[White "Dahi, Varad Prakash"]
[Black "Manoj Kumar, Arth"]
[Result "1-0"]
[WhiteElo "955"]
[BlackElo "700"]
[PlyCount "105"]
[EventDate "2020.05.21"]
[WhiteTeam "Leicestershire Juniors 5"]
[BlackTeam "Watford 5"]

1. e4 e5 2. Nf3 Nc6 3. Nc3 Bb4 4. Bb5 a6 5. Bxc6 bxc6 6. O-O Bxc3 7. dxc3 Nf6
8. Bg5 h6 9. Bxf6 gxf6 10. Qe1 d6 11. b4 Bg4 12. Qe2 Bxf3 13. Qxf3 c5 14. bxc5
dxc5 15. Rfd1 Qe7 16. Rd3 c4 17. Rd2 O-O 18. Re1 Rad8 19. Rxd8 Rxd8 20. Qg3+
Kf8 21. Qh3 Qd7 22. Qxd7 Rxd7 23. g3 f5 24. exf5 f6 25. f4 exf4 26. gxf4 Rg7+
27. Kf1 h5 28. Re6 Kf7 29. Rxa6 c5 30. Ra7+ Kg8 31. Rxg7+ Kxg7 32. a4 h4 33. a5
h3 34. a6 Kf8 35. a7 Ke8 36. a8=Q+ Kd7 37. Kf2 Kd6 38. Kg3 Kc7 39. Kxh3 Kd6 40.
Kh4 Kc7 41. Kh5 Kb6 42. Kh6 Kb5 43. Qc8 Ka4 44. Kg6 Ka3 45. Qb8 Ka2 46. Kxf6
Ka1 47. h4 Ka2 48. Qb7 Ka1 49. h5 Ka2 50. h6 Ka1 51. h7 Ka2 52. h8=Q Ka3 53.
Qha8# 1-0

[Event "Junior Online 4NCL Division 5"]
[Site "online"]
[Date "2020.05.21"]
[Round "6.48"]
[White "Taylor, Tamuka"]
[Black "Syed, Adeeb"]
[Result "0-1"]
[WhiteElo "700"]
[BlackElo "842"]
[PlyCount "36"]
[EventDate "2020.05.21"]
[WhiteTeam "Watford 5"]
[BlackTeam "Leicestershire Juniors 5"]

1. e4 e5 2. Nf3 Nc6 3. Bc4 Bc5 4. O-O Nf6 5. Nc3 O-O 6. d3 d5 7. exd5 Nxd5 8.
Nxd5 Nd4 9. Nxd4 exd4 10. Ne7+ Qxe7 11. Qd2 Bd6 12. f4 Qh4 13. f5 g6 14. fxg6
hxg6 15. c3 Qg4 16. Qh6 Re8 17. Rf6 Re1+ 18. Kf2 Qe2# 0-1

[Event "Junior Online 4NCL Division 5"]
[Site "online"]
[Date "2020.05.21"]
[Round "6.49"]
[White "Menakaya, Léon"]
[Black "Dobariya, Asin"]
[Result "1/2-1/2"]
[WhiteElo "865"]
[BlackElo "985"]
[PlyCount "31"]
[EventDate "2020.05.21"]
[WhiteTeam "Watford 5"]
[BlackTeam "Leicestershire Juniors 5"]

1. e4 e5 2. Nf3 Nc6 3. Bb5 Bd6 4. O-O a6 5. Bc4 Bc5 6. d3 Nf6 7. Ng5 h6 8. Nxf7
Qe7 9. Nxh8 Nd8 10. Qh5+ Kf8 11. Bxh6 Nxh5 12. Ng6+ Ke8 13. Nxe7 gxh6 14. Ng6
Bd4 15. c3 Bc5 16. Nxe5 1/2-1/2

[Event "Junior Online 4NCL Division 5"]
[Site "online"]
[Date "2020.05.21"]
[Round "6.50"]
[White "Morris, Conor"]
[Black "Mehta, Devina"]
[Result "0-1"]
[WhiteElo "947"]
[BlackElo "887"]
[PlyCount "62"]
[EventDate "2020.05.21"]
[WhiteTeam "Leicestershire Juniors 5"]
[BlackTeam "Watford 5"]

1. e4 e5 2. Qh5 Nf6 3. Qxe5+ Be7 4. Bc4 d6 5. Bb3 dxe5 6. Nf3 Bd6 7. Nc3 O-O 8.
d3 h6 9. Be3 Nc6 10. g3 Bb4 11. g4 Bxc3+ 12. bxc3 Nxg4 13. Rg1 Nxe3 14. fxe3
Kh8 15. O-O-O Qf6 16. Rg2 Qxf3 17. Rdg1 Qxe3+ 18. Kb2 Be6 19. h3 Bxb3 20. cxb3
Qxd3 21. Rxg7 Rg8 22. Rxg8+ Rxg8 23. Ra1 Nb4 24. cxb4 Qd4+ 25. Kc2 Qxa1 26. b5
b6 27. a4 Qa2+ 28. Kc3 Rd8 29. a5 Qxa5+ 30. b4 Qa3+ 31. Kc4 Rd4# 0-1

[Event "Junior Online 4NCL Division 5"]
[Site "online"]
[Date "2020.05.21"]
[Round "6.51"]
[White "Manoj Kumar, Arth"]
[Black "Dahi, Varad Prakash"]
[Result "0-1"]
[WhiteElo "700"]
[BlackElo "955"]
[PlyCount "78"]
[EventDate "2020.05.21"]
[WhiteTeam "Watford 5"]
[BlackTeam "Leicestershire Juniors 5"]

1. e4 e5 2. Nf3 Nf6 3. Nc3 Nc6 4. Bb5 Bb4 5. Bxc6 Bxc3 6. Bxd7+ Bxd7 7. bxc3
Nxe4 8. Nxe5 O-O 9. Qh5 Ng5 10. Nxf7 Nxf7 11. Bb2 Re8+ 12. Kd1 Ne5 13. c4 Bg4+
14. Qxg4 Nxg4 15. d4 Nxf2+ 16. Kd2 Nxh1 17. Rxh1 c5 18. Kc3 cxd4+ 19. Kb4 d3
20. cxd3 Qxd3 21. Re1 Rxe1 22. Kc5 b5 23. Kxb5 a5 24. Kb6 Ra6+ 25. Kxa6 Qxc4+
26. Kb7 Qxa2 27. Be5 Rxe5 28. Kc6 Qxg2+ 29. Kd6 Qxh2 30. Kc6 Qh6+ 31. Kd7 Re7+
32. Kxe7 a4 33. Kd7 a3 34. Kc7 a2 35. Kd7 Qf6 36. Kc7 a1=Q 37. Kb7 Qe6 38. Kb8
Qe7 39. Kc8 Qa8# 0-1

[Event "Junior Online 4NCL Division 5"]
[Site "online"]
[Date "2020.05.21"]
[Round "6.52"]
[White "Syed, Adeeb"]
[Black "Taylor, Tamuka"]
[Result "1-0"]
[WhiteElo "842"]
[BlackElo "700"]
[PlyCount "47"]
[EventDate "2020.05.21"]
[WhiteTeam "Leicestershire Juniors 5"]
[BlackTeam "Watford 5"]

1. e4 e5 2. Nf3 Nc6 3. Bc4 Bc5 4. Nc3 Nf6 5. O-O O-O 6. d3 d6 7. Nd5 Ng4 8. Bg5
Qe8 9. Nxc7 Rb8 10. Nxe8 Rxe8 11. Bd5 Nb4 12. Bb3 Nc6 13. Ba4 Na5 14. Bxe8
Bxf2+ 15. Rxf2 Nxf2 16. Kxf2 Bg4 17. Ba4 b5 18. Bb3 b4 19. c3 bxc3 20. bxc3 d5
21. Bxd5 Kf8 22. Qa4 Nb7 23. Qb4+ Ke8 24. Qe7# 1-0

[Event "Junior Online 4NCL Division 5"]
[Site "online"]
[Date "2020.05.21"]
[Round "6.55"]
[White "Lewis, Iolo"]
[Black "Lombardo, Martino"]
[Result "0-1"]
[WhiteElo "694"]
[BlackElo "917"]
[PlyCount "98"]
[EventDate "2020.05.21"]
[WhiteTeam "PSE Panthers"]
[BlackTeam "Leicestershire Juniors 6"]

1. e4 Nf6 2. Nc3 Nc6 3. d4 d6 4. Nf3 e5 5. dxe5 dxe5 6. Qxd8+ Nxd8 7. Bg5 h6 8.
Bxf6 gxf6 9. O-O-O Bg4 10. Be2 Ne6 11. Nxe5 fxe5 12. Bxg4 Rd8 13. Bxe6 Rxd1+
14. Rxd1 fxe6 15. g3 Rg8 16. f4 exf4 17. gxf4 Bd6 18. f5 Bf4+ 19. Kb1 Bxh2 20.
fxe6 Rg6 21. Nd5 Rxe6 22. Nxc7+ Bxc7 23. Re1 Bg3 24. Re2 Rd6 25. a3 h5 26. e5
Re6 27. b4 h4 28. c4 Rxe5 29. Rg2 Re1+ 30. Kc2 Ra1 31. c5 Ra2+ 32. Kb3 Rxg2 33.
b5 h3 34. c6 bxc6 35. bxc6 h2 36. Kb4 h1=Q 37. c7 Bxc7 38. a4 Qh4+ 39. Kb5 Rg5+
40. Kc6 Bf4 41. a5 Qh6+ 42. Kb7 Qh2 43. Ka6 Rg6+ 44. Kb5 Bc7 45. a6 Qh5+ 46.
Kc4 Rg4+ 47. Kd3 Qh3+ 48. Ke2 Rg2+ 49. Kf1 Qh1# 0-1